| 000 | 004450000a22001810004500 | ||
|---|---|---|---|
| 003 | MACL | ||
| 005 | 20160102114516.0 | ||
| 008 | 160102b xxu||||| |||| 00| 0 eng d | ||
| 040 |
_aMACL _cMACL |
||
| 041 | _aEnglish | ||
| 082 | _a582.135/FAR | ||
| 100 |
_aPolunin, Oleg _926807 |
||
| 245 | _aFlowers of the Himalaya | ||
| 260 |
_bOxford University Press _c1984 _aDelhi |
||
| 350 | _a350 | ||
| 650 |
_aPlants _95537 |
||
| 942 |
_cBK _k582/Far _2ddc |
||
| 999 |
_c34123 _d34123 |
||